LEADER 04521nam 2200709 a 450 001 9910956376103321 005 20240513184811.0 010 $a9786613058560 010 $a9781283058568 010 $a1283058561 010 $a9780226754758 010 $a0226754758 024 7 $a10.7208/9780226754758 035 $a(CKB)2560000000053700 035 $a(EBL)655802 035 $a(OCoLC)701057095 035 $a(SSID)ssj0000468355 035 $a(PQKBManifestationID)12173927 035 $a(PQKBTitleCode)TC0000468355 035 $a(PQKBWorkID)10506867 035 $a(PQKB)11266017 035 $a(StDuBDS)EDZ0000115735 035 $a(MiAaPQ)EBC655802 035 $a(DE-B1597)523248 035 $a(DE-B1597)9780226754758 035 $a(Au-PeEL)EBL655802 035 $a(CaPaEBR)ebr10444595 035 $a(CaONFJC)MIL305856 035 $a(PPN)151095418 035 $a(Perlego)1853366 035 $a(EXLCZ)992560000000053700 100 $a20100222d2011 uy 0 101 0 $aeng 135 $aur|n|---||||| 181 $ctxt 182 $cc 183 $acr 200 00$aDemography and the economy /$fedited by John B. Shoven 205 $a1st ed. 210 $aChicago ;$aLondon $cUniversity of Chicago Press$d2011 215 $a1 online resource (444 p.) 225 1 $aNational Bureau of Economic Research conference report 300 $aDescription based upon print version of record. 311 08$a9780226754727 311 08$a0226754723 320 $aIncludes bibliographical references and indexes. 327 $aThe future of American fertility / Samuel H. Preston and Caroline Sten Hartnett -- Comment: Gopi Shah Goda -- Fertility theories: can they explain the negative fertility-income relationship? / Larry E. Jones, Alice Schoonbroodt and Miche?le Tertilt -- Comment: Amalia R. Miller -- Women's education and family behavior: trends in marriage, divorce and fertility / Adam Isen and Betsey Stevenson -- Comment: Enrico Moretti -- Adjusting government policies for age inflation / John B. Shoven and Gopi Shah Goda -- Comment: Warren C. Sanderson -- Old Europe ages: reforms and reform backlashes / Axel Bo?rsch-Supan and Alexander Ludwig -- Comment: Alan J. Auerbach -- The final inequality: variance in age at death / Shripad Tuljapurkar -- Comment: Victor R. Fuchs -- Demographic trends, housing equity, and the financial security of future retirees / James M. Poterba, Steven F. Venti and David A. Wise -- Comment: Thomas Davidoff -- Aging populations, pension operations, potential economic disappointment and its allocation / Sylvester J. Schieber -- Comment: Steven F. Venti -- Financing Medicare: a general equilipbrium analysis / Orazio Attanasio, Sagiri Kitao and Giovanni L. Violante -- Comment: Moshe Buchinsky -- Italians are late: does it matter? / Francesco C. Billari and Guido Tabellini -- Comment: Luigi Pistaferri. 330 $aDemographics is a vital field of study for understanding social and economic change and it has attracted attention in recent years as concerns have grown over the aging populations of developed nations. Demographic studies help make sense of key aspects of the economy, offering insight into trends in fertility, mortality, immigration, and labor force participation, as well as age, gender, and race specific trends in health and disability. Demography and the Economy explores the connections between demography and economics, paying special attention to what demographic trends can reveal about the sustainability of traditional social security programs and the larger implications for economic growth. The volume brings together some of the leading scholars working at the border between the two disciplines, and it provides an eclectic overview of both fields. Contributors also offer deeper analysis of a variety of issues such as the impact of greater wealth on choices about marriage and childbearing and the effects of aging populations on housing prices, Social Security, and Medicare. 410 0$aNational Bureau of Economic Research conference report. 606 $aDemography$xEconomic aspects 606 $aFertility, Human$xEconomic aspects 615 0$aDemography$xEconomic aspects. 615 0$aFertility, Human$xEconomic aspects. 676 $a330 701 $aShoven$b John B$088721 801 0$bMiAaPQ 801 1$bMiAaPQ 801 2$bMiAaPQ 906 $aBOOK 912 $a9910956376103321 996 $aDemography and the economy$94368660 997 $aUNINA LEADER 03663nam1 22006493i 450 001 CFI0013156 005 20251003044108.0 100 $a19860710g1978 ||||0itac50 ba 101 | $aita$ceng 102 $ait 181 1$6z01$ai $bxxxe 182 1$6z01$an 183 1$6z01$anc$2RDAcarrier 200 1 $aˆIl ‰sistema mondiale dell'economia moderna$fImmanuel Wallerstein 210 $aBologna$cIl mulino 215 $a v.$d22 cm. 225 | $aCollezione di testi e di studi$i. Storiografia 410 0$1001CFI0004140$12001 $aCollezione di testi e di studi$i. Storiografia 463 1$1001BVE0705601$12001 $aˆ2: Il ‰mercantilismo e il consolidamento dell'economia-mondo europea$e1600-1750$fImmanuel Wallerstein$v2 463 1$1001CFI0013155$12001 $aˆ1: L'‰agricoltura capitalistica e le origini dell'economia-mondo europea nel 16. secolo$fImmanuel Wallerstein$v1 463 1$1001CFI0306962$12001 $aˆ3: L'‰era della seconda grande espansione dell'economia-mondo capitalistica, 1730-1840$fImmanuel Wallerstein$v3 463 1$1001MIL0345463$12001 $aˆ1: L'‰agricoltura capitalistica e le origini del sistema mondiale dell'economia europea nel 16. secolo$fImmanuel Wallerstein$g[trad. di Giuseppina Panzieri e Davide Panzieri]$v1 463 1$1001UBO4174884$12001 $aˆ1: L'‰agricoltura capitalistica e le origini dell'economia mondo-europea nel 16. secolo$fImmanuel Wallerstein$g[trad. di Giuseppina Panzieri e Davide Panzieri]$v1 500 10$aˆThe ‰Modern World-System.$3CFI0026734$9CFIV015510$912807 606 $aEuropa$xEconomia$xSec. 16.-20.$2FIR$3CFIC006304$9I 606 $aEuropa$xEconomia$xSec. 16.-19.$2FIR$3CFIC047414$9I 676 $a330.9$9SITUAZIONI E CONDIZIONI ECONOMICHE$v23 676 $a330.94$9SITUAZIONI E CONDIZIONI ECONOMICHE. EUROPA$v19 676 $a330.94$9Economia. Europa$v20 676 $a330.94$9SITUAZIONI E CONDIZIONI ECONOMICHE. EUROPA EUROPA OCCIDENTALE$v21 676 $a330.94$9Economia. Situazioni e condizioni economiche. Europa$v22 676 $a330.94$9SITUAZIONI E CONDIZIONI ECONOMICHE. EUROPA$v23 686 $aX30.0$cSTORIA ECONOMICO-SOCIALE$2R 696 $aEconomia reale$aAttività economiche$aAspetti economici 696 $aEconomia reale$aAttività economiche$aAspetti economici 699 $aEconomia$yEconomia reale 699 $aEconomia$zAttività economiche 699 $aEconomia$zAspetti economici 699 $aEconomia$yEconomia reale 699 $aEconomia$zAttività economiche 699 $aEconomia$zAspetti economici 700 1$aWallerstein$b, Immanuel$3CFIV015510$4070$0119702 702 1$aBraudel$b, Fernand$3CFIV011875$4080 790 1$aWallerstein$b, Immanuel Maurice$3TO0V172725$zWallerstein, Immanuel 801 3$aIT$bIT-000000$c19860710 850 $aIT-BN0095 $aIT-NA0079 $aIT-NA0070 $aIT-NA0452 $aIT-NA0593 901 $bNAP BU$c4 B $nPropedeutica. Formato cm. 20,1-28. 901 $bNAP LS$cLS $n$ 901 $bNAP IS$cISEM $nSezione di storia economica dell'ex Istituto di storia economica del Mezzogiorno 901 $bNAP 01$cPOZZO LIB.$nVi sono collocati fondi di economia, periodici di ingegneria e scienze, periodici di economia e statistica e altri fondi comprendenti documenti di economia pervenuti in dono. 901 $bNAP BN$cCOLL. $n$ 912 $aCFI0013156 950 1$aBiblioteca Centralizzata di Ateneo$cv. 1 in 2 copie - v. 2 in 3 copie - v. 3 in 1 copia$d 01POZZO LIB.ECON MON 6808 967 $m5 977 $a 01$a BN$a BU$a IS$a LS 996 $aModern World-System$912807 997 $aUNISANNIO